• 首页
  • 本馆介绍
  • 公告通知
  • 最新文献
  • 馆藏检索
  • 电子资源
  • 读者导购
  • 参考咨询
  • 我的图书馆
  • 登录
  • 详细信息显示
  • 放入我的书架
  • 预约/预借图书
  • 作者相关作品
  • 分类相关作品
  • 丛书相关作品
  • 出版社相关作品

书目信息

  • 表格格式
  • 工作单格式
  • 卡片格式
题名:
水草栽培与造景
    
 
作者: 白明 编著
分册:  
出版信息: 北京   化学工业出版社  2020.07
页数: 225页
开本: 29×29cm
丛书名:
单 册:
中图分类: S682.32
科图分类:
主题词: 水生植物--shui sheng zhi wu--栽培技术 , 水生植物--shui sheng zhi wu--景观设计 , 水生植物--shui sheng zhi wu , 景观设计--jing guan she ji
电子资源:
ISBN: 978-7-122-20506-3
000 01070nam0 2200277 450
001 0109110153
005 20201109110337.0
010    @a978-7-122-20506-3@b精装@dCNY120.00
100    @a20140909d2020 em y0chiy50 ea
101 0  @achi
102    @aCN@b110000
105    @aa z 000yy
106    @ar
200 1  @a水草栽培与造景@Ashui cao zai pei yu zao jing@dKeeping planted aquarium and aquascaping@f白明编著@zeng
210    @a北京@c化学工业出版社@d2020.07
215    @a225页@c彩图@d29×29cm
330    @a本书将从水草栽培方法、水质管理和水草品种介绍等多方面,为读者展现一种神奇的水草王国,并通过介绍人类对观赏水草利用的历史,帮助读者了解更多关于水草品种选择和水草造景方面的知识。
510 1  @aKeeping planted aquarium and aquascaping@zeng
606 0  @a水生植物@Ashui sheng zhi wu@x栽培技术
606 0  @a水生植物@Ashui sheng zhi wu@x景观设计
606 0  @a水生植物@Ashui sheng zhi wu
606 0  @a景观设计@Ajing guan she ji
690    @aS682.32@v5
701  0 @a白明@Abai ming@4编著
801  0 @aCN@bBJSZM@c20201103
905    @b1240024-6@dS682.32@e629@f3
    
    水草栽培与造景=Keeping planted aquarium and aquascaping/白明编著.-北京:化学工业出版社,2020.07
    225页:彩图;29×29cm
    
    
    ISBN 978-7-122-20506-3(精装):CNY120.00
    本书将从水草栽培方法、水质管理和水草品种介绍等多方面,为读者展现一种神奇的水草王国,并通过介绍人类对观赏水草利用的历史,帮助读者了解更多关于水草品种选择和水草造景方面的知识。
●
相关链接 在E读中查询图书 在五车中查询图书 在当当中查询图书 在豆瓣中查询图书


正题名:水草栽培与造景     索取号:S682.32/629         预约/预借

序号 登录号 条形码 馆藏地/架位号 状态 备注
1 1240024   212400249   第二样本阅览室/ [索取号:S682.32/629] 在馆    
2 1240025   212400258   第三借阅区/ [索取号:S682.32/629] 在馆    
3 1240026   212400267   第三借阅区/ [索取号:S682.32/629] 在馆    
唐山师范学院图书馆 欢迎您!
大连网信软件有限公司© 版权所有